| 000 | 00350 a2200133 4500 | ||
|---|---|---|---|
| 003 | Nust | ||
| 005 | 20170207152316.0 | ||
| 040 | _cNust | ||
| 082 | _a613.943 | ||
| 100 | _aBillings, Evelyn and Ann Westmore | ||
| 245 |
_aThe Billings Method _bControlling fertility without drugs or devices |
||
| 260 |
_aNew York _bRandom House _c1980 |
||
| 650 | _aThe Billings | ||
| 942 |
_2ddc _cBK |
||
| 999 |
_c174703 _d174703 |
||